000 00595nam a22001937a 4500
003 OSt
005 20140310181757.0
008 130701t xxu||||| |||| 00| 0 eng d
050 _aG 2390
_b.En61 1998
082 _2FIL 912
_bEn89 1998
245 _aEnvironmental and natural resources :
_batlas of the Philippines /
260 _aPhilippines :
_b Environmental Center of the Philippines Foundation,
_cc1998.
300 _a395 p. ;
_bill. col. ;
_c33 cm.
520 _a1. Atlas--Philippines
521 _aBasic Ed. Students
541 _g6639
_j1
562 _e1
942 _2lcc
_cBK-FIL
_kFIL
999 _c3496
_d3496